000 00345 a2200109 4500
001 ART_12908
005 20260410161909.0
008 260409a
245 1 0 _aLa teoria general de los costos y la contabilidad de gestión
100 1 _aOsorio, Oscar M.
773 0 _tCostos y gestión
_g- Año 13, Nº 53 (sep. 2004)
_wREV12786
999 _c26669
_d26669